000 00659nam a2200229Ia 4500
001 16979
003 GE_BSU
008 181216s||||||||xx |||||||||||||| ||und||
040 _cGE_BSU
080 _a82-93
100 _aახვლედიანი, ს.
245 _aქალაქი ნაქალაქარზე
245 _bპოემა
245 _cრედ. ვ. გვეტაძე
260 _aთბილისი
260 _bსაბლიტგამი
260 _c1959
300 _a34გვ. 15სმ
653 _aპოემა
653 _aქალაქი ნაქალაქარზე
942 _cBK
999 _c50041
_d50041